Tayc-N'y pense plus - Statistiques

Statistiques générales
  • Ce quiz a été pris 429 fois
  • Le résultat moyen est 234 sur 315
Statistiques - réponses
Réponse % Correct
pense
98%
pensé
98%
à
97%
a
97%
lui
97%
Ne
97%
ne
97%
plus
97%
te
96%
tu
94%
tu
94%
il
93%
m'a
93%
du
92%
de
90%
ton
90%
mal
89%
que
89%
n'y
88%
toi
88%
est
86%
l'or
86%
t'es
86%
âme
85%
le
85%
pour
84%
la
83%
un
83%
coeur
82%
corps
82%
plaît
82%
souillé
81%
battue
80%
faire
80%
homme
80%
jour
80%
précieux
80%
s'te
79%
des
78%
l'amour
78%
ta
78%
t'a
78%
milliers
77%
voir
77%
t'fais
76%
fait
74%
beau
73%
d'entre
73%
eux
73%
et
72%
aussi
71%
n'veux
68%
rêvent
66%
en
65%
ça
61%
va
61%
Tayc
60%
c'est
59%
Encore
59%
encore
59%
love
59%
on
59%
une
59%
couteau
57%
dire
57%
les
57%
moi
57%
sang
57%
d'amour
56%
demandé
56%
histoire
56%
planté
56%
qui
56%
ami
55%
ils
55%
je
55%
mais
55%
pleures
55%
regardé
55%
vont
55%
couler
54%
manges
54%
quatre
54%
dit
53%
donnée
52%
veux
52%
amis
51%
donc
51%
être
51%
font
51%
parler
51%
pliée
51%
salaud
51%
sans
51%
toujours
51%
compter
50%
consolée
49%
j'ai
49%
j'suis
49%
mon
49%
vous
49%
mère
48%
père
48%
voulais
48%
depuis
47%
fille
47%
oh
47%
avis
46%
bijou
45%
sort
45%
fils
44%
comme
43%
tomber
43%
femme
42%
n'parle
42%
aujourd'hui
41%
non
41%
personne
41%
petit
41%
pourquoi
41%
rester
41%
tout
41%
bas
40%
jamais
40%
maudis
40%
qu'une
40%
aucun
39%
comprendre
39%
vas
39%
étais
38%
demandes
37%
fière
37%
pourra
37%
puisse
37%
forcée
36%
l'aimais
36%
payer
36%
j'n'aurais
33%
mort
33%
tellement
31%
yeah
30%
Aucun quiz correspondant
Distribution des résultats
% des personnes avec chaque résultat
Percentile par nombre de réponses
Votre historique - résultats
Vous n’avez pas pris ce quiz